000 01631nam0a2200373 4500
001 RU\NLR\BIBL_A\011479310
005 20260406131308.0
010 _a9785378275373
_95000
021 _aRU
_b2017-63387
_94492
035 _a(RuMoRGB)009373204
035 _a(NLR Aleph) 011479310
090 _a11891510
_c11891510
100 _a20170927d2017 c y0rusy50 ca
101 0 _arus
102 _aRU
105 _aa|||z|||000gy
200 1 _aАйболит
_e[для детей старшего дошкольного и младшего школьного возраста]
_fКорней Чуковский
_g[художник: Максим Коваленко]
210 _aРостов-на-Дону
_cПроф-Пресс
_d2017
215 _a[14] с.
_cцв. ил.
_d27
225 1 _aМой малыш
225 1 _aЧитаю по слогам
333 _a0+
606 _aРусский язык
_jХрестоматии для дошкольного обучения
_91533567
_3RU\NLR\AUTH\66969347
606 _aРусский язык
_jХрестоматии для начальной школы
_91533567
_3RU\NLR\AUTH\66969347
686 _aШ9(2)6=Р70-2
_2rubbk
686 3 _aШ141.12-921хрест
686 3 _aШ141.12-922.1[1/4]хрест
700 1 _7ca
_8rus
_aЧуковский
_bК. И.
_f1882-1969
_gКорней Иванович
_9111544
_3RU\NLR\AUTH\771522
702 1 _aКоваленко
_bМ.
_gМаксим
_4040
942 _cBOOK
980 _aNBR